20 Biggest Cities in Michigan - Statistics

General Stats
  • This quiz has been taken 101 times
  • The average score is 12 of 20
Answer Stats
Hint Answer % Correct
631,524 Detroit
100%
195,908 Grand Rapids
97%
79,177 Flint
95%
117,971 Ann Arbor
92%
111,964 Lansing
92%
72,997 Kalamazoo
84%
104,541 Dearborn
81%
133,055 Sterling Heights
70%
135,832 Warren
70%
87,421 Troy
57%
61,643 Pontiac
51%
77,681 Wyoming
49%
60,130 Dearborn Heights
46%
91,166 Livonia
46%
75,960 Rochester Hills
43%
82,111 Farmington Hills
41%
75,452 Southfield
41%
66,365 Novi
32%
81,709 Westland
32%
60,588 Taylor
30%
No matching quizzes found
Score Distribution
Percent of People with Each Score
Percentile by Number Answered
Your Score History
You have not taken this quiz